PDC World Darts Championship Sieger (1994-2026) - Statistiken

Allgemein
  • Dieses Quiz wurde 703 mal gespielt
    318 seit der letzten Aktualisierung
  • Das Durchschnittsergebnis liegt bei 11 aus 13
Antwortstatistiken
Antwort % Korrekt
Phil Taylor
100%
Luke Littler
98%
Michael van Gerwen
98%
Luke Humphries
97%
Gerwyn Price
95%
Michael Smith
95%
Peter Wright
94%
Gary Anderson
93%
Raymond van Barneveld
91%
Rob Cross
88%
Adrian Lewis
82%
John Part
64%
Dennis Priestley
50%
Keine übereinstimmenden Quizze gefunden
Verteilung der Resultate
Anzahl Personen mit jedem Resultat
Perzentil nach korrekt beantworteten Fragen
Ihre Resultats-Entwicklung
Sie haben dieses Quiz seit der letzten Aktualisierung nicht gespielt